[Event "Satka Autumn"]
[Site "Satka"]
[Date "2023.08.29"]
[Round "1"]
[White "Lintchevski, Daniil"]
[Black "Meydi, Igor"]
[Result "1-0"]
[WhiteElo "2552"]
[BlackElo "2056"]
[PlyCount "67"]
[EventDate "2023.08.29"]
[EventType "swiss"]
[EventRounds "9"]
[EventCountry "RUS"]
[SourceTitle "EXT 2024"]
[Source "ChessBase"]
[SourceDate "2023.10.10"]
[SourceVersion "1"]
[SourceVersionDate "2023.10.10"]
[SourceQuality "1"]

1. Nf3 d5 2. g3 Nf6 3. Bg2 Bf5 4. c4 e6 5. Qb3 Nc6 6. 0-0 Qd7 7. cxd5 exd5 8. d3 Bc5 9. Bg5 Be6 10. Nbd2 Bb6 11. Bxf6 gxf6 12. Qc3 Qe7 13. Nb3 0-0-0 14. d4 Bf5 15. e3 Qe6 16. Nc5 Bxc5 17. Qxc5 Be4 18. Rfc1 Bxf3 19. Bxf3 Kb8 20. Rc3 Rd7 21. Rac1 Ne7 22. Qa5 Qb6 23. Qa4 Rhd8 24. Qc2 f5 25. b4 Rc8 26. Qb3 Qe6 27. b5 c6 28. bxc6 Rxc6 29. Rxc6 Nxc6 30. Rc5 Ne7 31. a4 Qd6 32. a5 Rc7 33. Bxd5 b6 34. axb6 1-0

[Event "Urals-ch"]
[Site "Cheliabinsk"]
[Date "2022.03.16"]
[Round "1"]
[White "Meydi, Igor"]
[Black "Savitskiy, Sergey"]
[Result "0-1"]
[WhiteElo "1855"]
[BlackElo "2422"]
[PlyCount "102"]
[EventDate "2022.03.16"]
[EventType "swiss"]
[EventRounds "9"]
[EventCountry "RUS"]
[SourceTitle "CBM 207 Extra"]
[Source "ChessBase"]
[SourceDate "2022.05.31"]
[SourceVersion "1"]
[SourceVersionDate "2022.05.31"]
[SourceQuality "1"]

1. d4 d5 2. c4 dxc4 3. e3 e5 4. Bxc4 Nc6 5. dxe5 Qxd1+ 6. Kxd1 Nxe5 7. Be2 Bf5 8. Nf3 0-0-0+ 9. Nbd2 Nxf3 10. gxf3 Ne7 11. Bc4 Nc6 12. Ke2 Ne5 13. e4 Nxc4 14. Nxc4 Be6 15. Ne3 g6 16. Bd2 Bg7 17. Bc3 Bxc3 18. bxc3 Rd6 19. c4 Rhd8 20. Rhd1 Rxd1 21. Rxd1 Rxd1 22. Kxd1 Kd7 23. Kd2 Kd6 24. Kd3 Kc5 25. a3 g5 26. Kc3 c6 27. Kd3 a5 28. Kc3 h5 29. Kd3 f6 30. Kc3 h4 31. Kd3 b5 32. cxb5 cxb5 33. Nc2 Bb3 34. Ne3 Be6 35. Nc2 Bc4+ 36. Kd2 b4 37. axb4+ axb4 38. Ne3 Be6 39. Kd3 b3 40. Kc3 Kd6 41. Nf1 Ke5 42. Nd2 Kf4 43. Kb2 Bf7 44. Kc3 Bh5 45. Kxb3 Bxf3 46. Kc3 Bxe4 47. Kd4 Bg2 48. Kd3 Kg4 49. Ke2 Kh3 50. f3 Kxh2 51. Ne4 g4 0-1

[Event "Sochi Lobanov Memorial"]
[Site "Sochi"]
[Date "2021.06.18"]
[Round "4"]
[White "Ibadov, Dashgyn"]
[Black "Meydi, Igor"]
[Result "1-0"]
[WhiteElo "2285"]
[BlackElo "1751"]
[PlyCount "53"]
[EventDate "2021.06.15"]
[EventType "swiss"]
[EventRounds "9"]
[EventCountry "RUS"]
[SourceTitle "CBM 203 Extra"]
[Source "ChessBase"]
[SourceDate "2021.09.30"]
[SourceVersion "1"]
[SourceVersionDate "2021.09.30"]
[SourceQuality "1"]

1. e4 e5 2. Nf3 Nc6 3. d4 exd4 4. Nxd4 Nf6 5. Nxc6 bxc6 6. e5 Nd5 7. c4 Nb6 8. Bd3 g6 9. Nc3 Bg7 10. 0-0 0-0 11. c5 Nd5 12. Qb3 Re8 13. Bc4 Qe7 14. Bxd5 cxd5 15. Nxd5 Qxc5 16. Bf4 Ba6 17. Rfc1 Qd4 18. Be3 Qe4 19. Nxc7 Rab8 20. Qa3 Bb7 21. f3 Qxe5 22. Nxe8 Rxe8 23. Re1 Bf8 24. Qc3 Qh5 25. Bxa7 Rc8 26. Qe5 Qh4 27. Bd4 1-0

[Event "Sochi Lobanov Memorial"]
[Site "Sochi"]
[Date "2021.06.17"]
[Round "3"]
[White "Meydi, Igor"]
[Black "Kurchenko, Egor"]
[Result "1-0"]
[WhiteElo "1751"]
[BlackElo "2068"]
[PlyCount "103"]
[EventDate "2021.06.15"]
[EventType "swiss"]
[EventRounds "9"]
[EventCountry "RUS"]
[SourceTitle "CBM 203 Extra"]
[Source "ChessBase"]
[SourceDate "2021.09.30"]
[SourceVersion "1"]
[SourceVersionDate "2021.09.30"]
[SourceQuality "1"]

1. d4 Nf6 2. c4 e6 3. g3 c5 4. d5 exd5 5. cxd5 d6 6. Bg2 g6 7. Nc3 Bg7 8. Nf3 0-0 9. 0-0 Na6 10. Nd2 Nc7 11. a4 b6 12. e4 Re8 13. h3 Nh5 14. Re1 Ba6 15. Nf1 Rb8 16. g4 Nf6 17. Ng3 Nd7 18. Bf1 Bxf1 19. Kxf1 b5 20. axb5 Nxb5 21. Nxb5 Rxb5 22. Rxa7 Ne5 23. Qc2 Nf3 24. Rd1 Nd4 25. Qa4 Qb8 26. Ne2 Nxe2 27. Kxe2 f5 28. gxf5 gxf5 29. Rg1 Rxe4+ 30. Qxe4 Rxb2+ 31. Ke1 fxe4 32. Raxg7+ Kf8 33. Rg8+ Kf7 34. R1g7+ Kf6 35. Rxb8 Rxb8 36. Rxh7 Ke5 37. Rh5+ Kd4 38. Kd2 Rb3 39. Ke2 Kc4 40. Rf5 Rxh3 41. Be3 Rh7 42. Bf4 Rd7 43. Ke3 Kb3 44. Rf6 c4 45. Rxd6 Rb7 46. Rc6 c3 47. Kxe4 Rb4+ 48. Ke5 c2 49. d6 Rb5+ 50. Ke6 Rb4 51. d7 Rd4 52. Be3 1-0

[Event "Urals-ch"]
[Site "Khanty-Mansiysk"]
[Date "2021.03.11"]
[Round "1"]
[White "Meydi, Igor"]
[Black "Kuzmin, Roman"]
[Result "0-1"]
[WhiteElo "1678"]
[BlackElo "2128"]
[PlyCount "92"]
[EventDate "2021.03.11"]
[EventType "swiss"]
[EventRounds "9"]
[EventCountry "RUS"]
[SourceTitle "CBM 201 Extra"]
[Source "ChessBase"]
[SourceDate "2021.05.31"]
[SourceVersion "1"]
[SourceVersionDate "2021.05.31"]
[SourceQuality "1"]

1. d4 Nf6 2. c4 e6 3. Nf3 b6 4. g3 Bb7 5. Bg2 Bb4+ 6. Bd2 Be7 7. 0-0 0-0 8. Nc3 c6 9. Re1 d5 10. Ne5 Nfd7 11. Nxd7 Nxd7 12. cxd5 cxd5 13. e4 dxe4 14. Nxe4 Bd5 15. Bf4 Nf6 16. Nxf6+ Bxf6 17. Be5 Bxg2 18. Kxg2 Rc8 19. Qa4 Qd5+ 20. Kg1 a5 21. Bxf6 gxf6 22. Qd1 Rfd8 23. Qg4+ Kh8 24. Rad1 Rc2 25. h4 Rg8 26. Qf4 Rg6 27. Rc1 Rxb2 28. Rc8+ Kg7 29. Rc7 Rb4 30. Rd1 h5 31. Rc8 e5 32. Qf5 Rb2 33. Kh2 Qxa2 34. Rf1 Qe6 35. Qxe6 fxe6 36. dxe5 fxe5 37. Kg1 Rf6 38. Ra8 e4 39. Rd8 e5 40. Rd7+ Kg6 41. Rd5 e3 42. Rxe5 exf2+ 43. Kg2 a4 44. Re3 b5 45. Ra3 Rb3 46. Ra2 Rff3 0-1

[Event "RUS-chT U14 final"]
[Site "Sochi"]
[Date "2019.05.01"]
[Round "1.1"]
[White "Meydi, Igor"]
[Black "Grachev, Alexey1111"]
[Result "1/2-1/2"]
[WhiteElo "1668"]
[BlackElo "2279"]
[PlyCount "84"]
[EventDate "2019.05.01"]
[EventType "team-tourn"]
[EventRounds "9"]
[EventCountry "RUS"]
[SourceTitle "CBM 190 Extra"]
[Source "ChessBase"]
[SourceDate "2019.07.15"]
[SourceVersion "1"]
[SourceVersionDate "2019.07.15"]
[SourceQuality "1"]

1. d4 d5 2. c4 e6 3. Nc3 Be7 4. Nf3 Nf6 5. Bg5 h6 6. Bh4 0-0 7. e3 Ne4 8. Nxe4 dxe4 9. Bxe7 Qxe7 10. Nd2 e5 11. dxe5 Qxe5 12. Qc2 Bf5 13. Be2 Na6 14. a3 Nc5 15. 0-0 Rfd8 16. b4 Nd3 17. Nb3 c5 18. Nxc5 Nxc5 19. bxc5 Qxc5 20. Rab1 Qc6 21. Rb5 Bg6 22. Rfb1 Rd7 23. Qb3 b6 24. Rd5 Rad8 25. Rbd1 f6 26. h3 Bf7 27. R5d4 Rxd4 28. exd4 f5 29. d5 Qd6 30. Qe3 Re8 31. g3 g5 32. Kh1 f4 33. gxf4 gxf4 34. Rg1+ Bg6 35. Qc3 f3 36. Bd1 Kh7 37. Qe3 Qf6 38. Bc2 Qh4 39. Kh2 Bf5 40. Rg3 Rg8 41. Rxf3 exf3 42. Bxf5+ Kh8 1/2-1/2